| 000 | 00695 a2200205 4500 | ||
|---|---|---|---|
| 003 | Nust | ||
| 005 | 20240103143527.0 | ||
| 010 | _a 94034444 | ||
| 020 | _a0126913935 (acid-free paper) | ||
| 040 | _cNust | ||
| 082 | 0 | 0 | _a005.743,TIT |
| 100 | 1 |
_aTittel, Ed. _962997 |
|
| 245 | 1 | 0 |
_aInternet access essentials / _cEd Tittel, Margaret Robbins. |
| 260 |
_aBoston : _bAP Professional, _cc1995. |
||
| 300 |
_axxiii, 374 p., map ; _c24 cm. |
||
| 505 | _aIntroducing the Internet (Page-1), Internet Applications (Page-113), Resource Guide (Page-221), Internet in the Real World (Page-333). | ||
| 650 | 0 |
_aInternet. _917965 |
|
| 700 | 1 |
_aRobbins, Margaret. _9100556 |
|
| 942 |
_2ddc _cBK _k005.743,TIT |
||
| 999 |
_c179916 _d179916 |
||